School social work : an evidence - informed framework for practice

Bibliographic Details
Main Authors: Frey, Andy (Author), Kelly, Michael S. , 1968- (Author), Raines, James C. (Author), Stone, Susan (Author)
Format: Book
Language:English
Published: New York : Oxford University Press , c2010
Subjects:

MARC

LEADER 00000cam a2200000 7i4500
001 0000089721
005 20160918093000.0
008 160511s2010 nyu eng
020 |a 9780195373905 
050 0 0 |a LB3013.4   |b .S36 2010 
090 0 0 |a LB3013.4   |b .S36 2010 
245 1 0 |a School social work :   |b an evidence - informed framework for practice   |c Michael S.Kelly, James C.Raines, Susan Stone and Andy Frey 
260 |a New York :   |b Oxford University Press ,   |c c2010 
300 |a x, 278 p. :   |b ill. ;   |c 24 cm. 
490 1
504 |a Includes bibliographical references and index 
505 0 |a 1. The need for an evidence-informed practice approach in schools -- 2. Understanding and narrowing the research-practice knowledge gap -- 3.An evidence-informed progress for school social workers -- 4. Empirically supported tier 2 interventions -- 5. Parent involvement -- 6. Increasing student compliance with classroom tasks -- 7. Behavior intervention planning -- 8. Helping students cope with their parents' divorce -- 9. Preventing bullying in schools -- 10. Empirically supported social skills interventions -- 11. Helping students with anxiety in schools -- 12. Problems with adhd in a school setting -- 13. Iatrogenic interventions in schools -- 14. Lessons learned from our evidence-informed practice process and final reflections 
650 0 |a School social work   |z United States 
700 1 |a Frey, Andy ,   |e author 
700 1 |a Kelly, Michael S. ,   |d 1968- ,   |e author 
700 1 |a Raines, James C. ,   |e author 
700 1 |a Stone, Susan ,   |e author 
999 |a 1000166847   |b Book   |c OPEN SHELF (30 DAYS)   |e Gong Badak Campus